000 00749nam a2200289Ia 4500
008 170203s9999 xx 000 0 und d
020 _a0-679876669
050 _aFic
050 _bR823t
100 _aRoss, Katharine.
245 _aTwinkle, twinkle, little bug /
245 _cby Katharine Ross ; illustrated by Tom Brannon.
260 _aNew York :
260 _bRandom House,
260 _c©1996.
300 _a32 pages :
300 _bcolor illustrations ;
300 _c23 cm.
440 _aStep into reading.,
440 _vStep 1 book.
650 _aBirds --
650 _aFireflies --
650 _aPuppets --
650 _xJuvenile fiction.
650 _xJuvenile fiction.
650 _xJuvenile fiction.
999 _c306493
_d306493